| 000 | 00394nam a22001457a 4500 | ||
|---|---|---|---|
| 020 | _a0-444-42582-9 | ||
| 082 |
_a551.490724 _bKIN _cL-23, P-17 |
||
| 100 |
_aKinzelbach, Wofgang _940320 |
||
| 245 | _aGroundWater modelling. | ||
| 260 |
_aNew York _bElsevier _c1986 |
||
| 300 |
_ax, 333 p.: _bill. : _c10 Cm |
||
| 526 |
_a0 _b0 _c0 _d551_490724000000000_KIN |
||
| 650 |
_aMCE _9379 |
||
| 942 |
_2ddc _cBK |
||
| 999 |
_c544644 _d544644 |
||